• 首页
  • 本馆介绍
  • 公告通知
  • 最新文献
  • 馆藏检索
  • 电子资源
  • 读者导购
  • 参考咨询
  • 我的图书馆
  • 登录
  • 详细信息显示
  • 放入我的书架
  • 预约/预借图书
  • 作者相关作品
  • 分类相关作品
  • 丛书相关作品
  • 出版社相关作品

书目信息

  • 表格格式
  • 工作单格式
  • 卡片格式
题名:
生逢7月4日
    
 
作者: 黎小锋 , 贾恺 著
分册:  
出版信息: 北京   北京出版社  2004
页数: 367页
开本: 22cm
丛书名: 世界电影综览
单 册:
中图分类: J905.712 , K837.125.78=5
科图分类:
主题词: 电影影片--介绍--美国--现代 , 电影导演--介绍--美国--现代
电子资源:
ISBN: 7-200-05089-X
000 00939oam2 2200289 450
001 1552695739
005 20150118143836.48
010    @a7-200-05089-X@dCNY45.00
100    @a20040129d2004 em y0chiy50 ea
101 0  @achi
102    @aCN@b110000
105    @aa z 000yd
200 1  @a生逢7月4日@9sheng feng 7 yue 4 ri@e美国电影综览@f黎小锋,贾恺著
210    @a北京@c北京出版社@d2004
215    @a367页@c照片@d22cm
225 2  @a世界电影综览
330    @a本书对美国电影作品进行介绍,对二十世纪初以来的代表电影作品提供了剧照、片名、故事文本、导演介绍、评说等。
461  0 @12001 @a世界电影综览
517 1  @a美国电影综览@9mei guo dian ying zong lan
606 0  @a电影影片@x介绍@y美国@z现代
606 0  @a电影导演@x介绍@y美国@z现代
690    @aJ905.712@v5
690    @aK837.125.78=5@v5
701  0 @a黎小锋@9li xiao feng@4著
701  0 @a贾恺@9jia kai@4著
801  0 @aCN@bTSSF@c20150118
905    @aZUCC@dJ905.712@eJY65
    
    生逢7月4日:美国电影综览/黎小锋,贾恺著.-北京:北京出版社,2004
    367页:照片;22cm.-(世界电影综览)
    
    
    ISBN 7-200-05089-X:CNY45.00
    本书对美国电影作品进行介绍,对二十世纪初以来的代表电影作品提供了剧照、片名、故事文本、导演介绍、评说等。
●
相关链接 在E读中查询图书 在五车中查询图书 在当当中查询图书 在豆瓣中查询图书


正题名:生逢7月4日     索取号:J905.712/JY65         预约/预借

序号 登录号 条形码 馆藏地/架位号 状态 备注
1 7848841   278488414   学院路分馆/ [索取号:J905.712/JY65] 在馆    
2 7848842   278488423   学院路分馆/ [索取号:J905.712/JY65] 在馆    
3 7848843   278488432   学院路分馆/ [索取号:J905.712/JY65] 在馆    
唐山师范学院图书馆 欢迎您!
大连网信软件有限公司© 版权所有